[Event "Sarkisov Memorial op"]
[Site "Krasnodar"]
[Date "2003.??.??"]
[Round "?"]
[White "Skorchenko, Dmitry"]
[Black "Aleksandrov, Sergei"]
[Result "1-0"]
[WhiteElo "2436"]
[BlackElo "2313"]
[PlyCount "97"]
[EventDate "2003.??.??"]
[EventType "swiss"]
[EventRounds "9"]
[EventCountry "RUS"]
[SourceTitle "EXT 2005"]
[Source "ChessBase"]
[SourceDate "2004.11.15"]
[SourceVersion "1"]
[SourceVersionDate "2004.11.15"]
[SourceQuality "1"]

1. e4 d6 2. d4 Nf6 3. Nc3 g6 4. f4 Bg7 5. Nf3 0-0 6. Bd3 Nc6 7. 0-0 Bg4 8. e5 dxe5 9. dxe5 Nd5 10. h3 Nxc3 11. bxc3 Bf5 12. Bxf5 gxf5 13. Qe2 Qd5 14. Rd1 Qc5+ 15. Qe3 Qa5 16. Bd2 e6 17. Nd4 Qa4 18. Be1 Ne7 19. Qf3 Rab8 20. Nb3 Rfc8 21. Rd4 Qc6 22. Qxc6 Nxc6 23. Rd7 Bf8 24. Bh4 Ba3 25. Rad1 Kf8 26. g4 fxg4 27. hxg4 Ke8 28. R7d3 Bf8 29. Nd2 Be7 30. Bxe7 Nxe7 31. Ne4 Nd5 32. f5 b5 33. Rh3 Ke7 34. f6+ Kd7 35. Rxh7 Rg8 36. g5 Rbf8 37. Kf2 Kc6 38. Kf3 a5 39. Rdh1 a4 40. Rg7 a3 41. Rhh7 b4 42. c4 Nb6 43. Rxf7 Rxf7 44. Rxf7 Nxc4 45. Kf4 Rh8 46. g6 Rh4+ 47. Kg3 Rh6 48. g7 Rg6+ 49. Kf4 1-0